000 01339nam0a2200337 4500
001 RU\NLR\BIBL_A\012087029
005 20190924104212.0
010 _a978-5-00140-279-4
_9100
021 _aRU
_bКН-П-19-056971
_9КН-П-19-4092
035 _a(NLR Aleph) 012087029
035 _a(RuMoRGB)010055272
090 _a11834663
_c11834663
100 _a20190904d2019 k y0rusy50 ca
101 0 _arus
102 _aRU
105 _aa|||z|||000zy
200 1 _aРадиоэлектроника протяжённого пространства
_eмонография
_fВ. Я. Подвигалкин
210 _aСаратов
_cАмирит
_d2019
215 _a257 с.
_cил., цв. ил.
_d21
225 1 _aСпециальная литература
313 _aРадиоэлектроника на основе толстых пленок
320 _aБиблиогр.: с. 243-253 (144 назв.)
606 1 _aРадиоэлектроника
_2nlr_sh1
_2nlr_sh2
_3RU\NLR\AUTH\6652312
606 1 _aТолстые пленки
_2nlr_sh1
_2nlr_sh2
_3RU\NLR\AUTH\66154723
686 1 _aЗ844.13
700 1 _aПодвигалкин
_bВ. Я.
_gВиталий Яковлевич
942 _cBOOK
980 _aNBR
980 _aNB